[Event "Casablanca Mohammed op 4th"]
[Site "Casablanca"]
[Date "2023.08.16"]
[Round "5"]
[White "Pichot, Alan"]
[Black "Hamdouchi, Hicham"]
[Result "1-0"]
[WhiteElo "2642"]
[BlackElo "2526"]
[PlyCount "77"]
[EventDate "2023.08.14"]
[EventType "swiss"]
[EventRounds "9"]
[EventCountry "MAR"]
[SourceTitle "CBM 215 Extra"]
[Source "ChessBase"]
[SourceDate "2023.09.30"]
[SourceVersion "1"]
[SourceVersionDate "2023.09.30"]
[SourceQuality "1"]

1. e4 c5 2. Nf3 d6 3. d4 cxd4 4. Nxd4 Nf6 5. Nc3 Nc6 6. Bg5 e6 7. Qd2 a6 8. 0-0-0 Bd7 9. f3 Be7 10. Kb1 Nxd4 11. Qxd4 b5 12. h4 Qc7 13. Qd2 b4 14. Ne2 a5 15. Nd4 0-0 16. g4 Rfd8 17. Bd3 Rab8 18. h5 a4 19. Rdg1 Kf8 20. Be3 a3 21. b3 e5 22. g5 Ng8 23. Nf5 Bxf5 24. exf5 d5 25. f6 Nxf6 26. gxf6 Bxf6 27. Rg4 e4 28. fxe4 Qe5 29. c3 dxe4 30. Rxe4 bxc3 31. Qc2 Qd6 32. Bc4 Qc6 33. Rf1 Rd7 34. h6 g6 35. Bc1 Kg8 36. Ref4 Be5 37. Bxf7+ Kh8 38. Bc4 Qc5 39. Qf2 1-0

[Event "FRA-chT Top 16 Gp Haute"]
[Site "Chartres"]
[Date "2023.06.10"]
[Round "3.4"]
[White "Hamdouchi, Hicham"]
[Black "Buscara, Sevan"]
[Result "1/2-1/2"]
[WhiteElo "2526"]
[BlackElo "2361"]
[PlyCount "135"]
[EventDate "2023.06.08"]
[EventType "team-tourn"]
[EventRounds "4"]
[EventCountry "FRA"]
[SourceTitle "CBM 214 Extra"]
[Source "ChessBase"]
[SourceDate "2023.07.31"]
[SourceVersion "1"]
[SourceVersionDate "2023.07.31"]
[SourceQuality "1"]
[WhiteTeam "Clichy Echecs 92"]
[BlackTeam "Lyon"]
[WhiteTeamCountry "FRA"]
[BlackTeamCountry "FRA"]

1. e4 e5 2. Nf3 Nc6 3. Bb5 a6 4. Ba4 Nf6 5. 0-0 Be7 6. Bxc6 dxc6 7. Re1 Nd7 8. d4 exd4 9. Qxd4 0-0 10. Bf4 Bf6 11. e5 Be7 12. Nbd2 Nc5 13. Qc3 Ne6 14. Bg3 Qd5 15. Nc4 a5 16. Ne3 Qe4 17. a3 Rd8 18. Rad1 Rxd1 19. Rxd1 h6 20. h3 a4 21. Kh2 Kh7 22. Nd4 Nf4 23. Ndf5 Ne2 24. Qd3 Qxd3 25. Rxd3 Bc5 26. Rd8 b5 27. c3 h5 28. Bh4 Nf4 29. Ne7 Bxe7 30. Bxe7 Ng6 31. Bg5 Nxe5 32. Bf4 Ng6 33. Bxc7 Ne7 34. Bd6 Nd5 35. Nxd5 cxd5 36. Bc5 Kg6 37. Bd4 f6 38. Rxd5 Rb8 39. Rd8 Ra8 40. g4 hxg4 41. hxg4 Bb7 42. Rd6 Bf3 43. Kg3 Be2 44. f4 Rf8 45. Rd7 Bc4 46. f5+ Kh6 47. Kf4 Rf7 48. Rd8 Kh7 49. Bc5 Rb7 50. g5 fxg5+ 51. Kxg5 Rf7 52. Bd4 Rc7 53. Re8 Rd7 54. Rc8 Bd3 55. Re8 Bc4 56. f6 Rd5+ 57. Be5 gxf6+ 58. Kxf6 Rd1 59. Bd4 Rd2 60. Re5 Re2 61. Rh5+ Kg8 62. Be5 Rf2+ 63. Ke7 Rf7+ 64. Kd6 Rf2 65. Bd4 Re2 66. Kd7 Kf7 67. Rf5+ Kg6 68. Rf2 1/2-1/2

[Event "FRA-chT Top 16 Gp Haute"]
[Site "Chartres"]
[Date "2022.06.18"]
[Round "3.3"]
[White "Hamdouchi, Hicham"]
[Black "Maze, Sebastien"]
[Result "1/2-1/2"]
[WhiteElo "2536"]
[BlackElo "2529"]
[PlyCount "76"]
[EventDate "2022.06.16"]
[EventType "team-tourn"]
[EventRounds "4"]
[EventCountry "FRA"]
[SourceTitle "CBM 208 Extra"]
[Source "ChessBase"]
[SourceDate "2022.07.31"]
[SourceVersion "1"]
[SourceVersionDate "2022.07.31"]
[SourceQuality "1"]
[WhiteTeam "Clichy Echecs 92"]
[BlackTeam "Bischwiller"]
[WhiteTeamCountry "FRA"]
[BlackTeamCountry "FRA"]

1. e4 c6 2. d4 d5 3. e5 Bf5 4. h4 h5 5. Bd3 Bxd3 6. Qxd3 Qa5+ 7. b4 Qa6 8. Qb3 e6 9. Nd2 Nh6 10. Ne2 Nf5 11. Nf3 Nd7 12. a4 Qc4 13. Bd2 Qxb3 14. cxb3 f6 15. 0-0 Be7 16. g3 Kf7 17. Rfe1 a6 18. Rac1 Rac8 19. Nf4 Nxd4 20. Nxd4 fxe5 21. Nfxe6 exd4 22. Nxg7 Bf6 23. Nf5 Ne5 24. Nd6+ Kg6 25. Nxc8 Nf3+ 26. Kg2 Nxe1+ 27. Rxe1 Rxc8 28. a5 Kf5 29. f3 c5 30. bxc5 Rxc5 31. Rc1 Rc6 32. Kf2 Rxc1 33. Bxc1 Be5 34. Bd2 d3 35. Kg2 Bb2 36. Kf1 Be5 37. Kg2 Bb2 38. Kf1 Be5 1/2-1/2

[Event "FRA-chT Top 16 Gp Haute"]
[Site "Chartres"]
[Date "2022.06.17"]
[Round "2.4"]
[White "Guliyev, Namig"]
[Black "Hamdouchi, Hicham"]
[Result "1/2-1/2"]
[WhiteElo "2547"]
[BlackElo "2536"]
[PlyCount "104"]
[EventDate "2022.06.16"]
[EventType "team-tourn"]
[EventRounds "4"]
[EventCountry "FRA"]
[SourceTitle "CBM 208 Extra"]
[Source "ChessBase"]
[SourceDate "2022.07.31"]
[SourceVersion "1"]
[SourceVersionDate "2022.07.31"]
[SourceQuality "1"]
[WhiteTeam "Chartres"]
[BlackTeam "Clichy Echecs 92"]
[WhiteTeamCountry "FRA"]
[BlackTeamCountry "FRA"]

1. e4 c5 2. Nf3 e6 3. d4 cxd4 4. Nxd4 Nf6 5. Nc3 Nc6 6. Ndb5 Bc5 7. Bf4 0-0 8. Bc7 Qe7 9. Bd6 Bxd6 10. Qxd6 Qd8 11. 0-0-0 a6 12. Nd4 Ne7 13. Be2 b5 14. f4 Bb7 15. Bf3 Nc8 16. Qb4 Nb6 17. e5 Bxf3 18. Nxf3 Nfd5 19. Nxd5 Nxd5 20. Qe4 Rc8 21. Rd4 f5 22. exf6 Qxf6 23. g3 Qf5 24. Qxf5 Rxf5 25. Re1 h6 26. h4 Rc7 27. Kd2 Rf8 28. c3 Ne7 29. Rd3 Nf5 30. Ne5 d5 31. Ng6 Re8 32. g4 Nd6 33. h5 Kf7 34. Ke2 Nc4 35. b3 Nd6 36. Kf3 Rec8 37. Ree3 Ne4 38. c4 bxc4 39. bxc4 dxc4 40. Rd4 Nf6 41. Ne5+ Ke7 42. Ng6+ Kf7 43. Ne5+ Ke7 44. Rc3 Nd7 45. Nxd7 Rxd7 46. Rdxc4 Rxc4 47. Rxc4 Rd3+ 48. Ke4 Ra3 49. Rc7+ Kf6 50. Rc6 Ra4+ 51. Kf3 Ra3+ 52. Ke4 Ra4+ 1/2-1/2

[Event "FRA-chT Top 12"]
[Site "Chalons en Champagne"]
[Date "2021.07.04"]
[Round "11.4"]
[White "Moussard, Jules"]
[Black "Hamdouchi, Hicham"]
[Result "1/2-1/2"]
[WhiteElo "2635"]
[BlackElo "2561"]
[PlyCount "101"]
[EventDate "2021.06.24"]
[EventType "team-tourn"]
[EventRounds "11"]
[EventCountry "FRA"]
[SourceTitle "CBM 203 Extra"]
[Source "ChessBase"]
[SourceDate "2021.09.30"]
[SourceVersion "1"]
[SourceVersionDate "2021.09.30"]
[SourceQuality "1"]
[WhiteTeam "Asnieres"]
[BlackTeam "Clichy Echecs 92"]
[WhiteTeamCountry "FRA"]
[BlackTeamCountry "FRA"]

1. e4 c5 2. Nf3 Nf6 3. Nc3 Nc6 4. d4 cxd4 5. Nxd4 e5 6. Ndb5 d6 7. Nd5 Nxd5 8. exd5 Nb8 9. a4 Be7 10. Bd2 0-0 11. a5 a6 12. Na3 Bf5 13. Nc4 Nd7 14. Be2 Rc8 15. 0-0 Be4 16. Be3 Nf6 17. f3 Bg6 18. c3 Nd7 19. Ra4 f5 20. Rb4 Qc7 21. Kh1 Bf7 22. Qd2 Nf6 23. Nb6 Rb8 24. c4 Kh8 25. Rb3 f4 26. Bf2 g5 27. Rc3 g4 28. Bh4 gxf3 29. Bxf3 Bg6 30. c5 dxc5 31. Bxf6+ Bxf6 32. d6 Qg7 33. Rc4 Bd8 34. Re1 Bxb6 35. axb6 Qf6 36. d7 Rbd8 37. Rxc5 e4 38. Rxe4 Bxe4 39. Bxe4 Qxb6 40. Rh5 Rf7 41. Qc3+ Qf6 42. Rxh7+ Kg8 43. Qb3 Rdxd7 44. h3 Kf8 45. Rh5 Qd4 46. Bf3 Qe3 47. Qc2 Qe1+ 48. Kh2 Qg3+ 49. Kh1 Qe1+ 50. Kh2 Qg3+ 51. Kh1 1/2-1/2

[Event "EU-Cup Online Play-A"]
[Site "Tornelo INT"]
[Date "2021.03.29"]
[Round "1.2"]
[White "Hamdouchi, Hicham"]
[Black "Steinberg, Nitzan"]
[Result "1-0"]
[WhiteElo "2561"]
[BlackElo "2553"]
[PlyCount "119"]
[EventDate "2021.03.29"]
[EventType "team-tourn (rapid)"]
[EventRounds "5"]
[EventCountry "NET"]
[SourceTitle "CBM 201 Extra"]
[Source "ChessBase"]
[SourceDate "2021.05.31"]
[SourceVersion "1"]
[SourceVersionDate "2021.05.31"]
[SourceQuality "1"]
[WhiteTeam "Clichy Echecs 92"]
[BlackTeam "Beer Sheva"]
[WhiteTeamCountry "FRA"]
[BlackTeamCountry "ISR"]

1. e4 c5 2. Nf3 d6 3. Bc4 e6 4. d3 Nc6 5. Bb3 Nf6 6. 0-0 Be7 7. c3 0-0 8. Re1 b5 9. d4 Bb7 10. a3 Rc8 11. Bc2 e5 12. d5 Na5 13. b3 Nd7 14. Nbd2 Nb6 15. Qe2 a6 16. c4 Qd7 17. Rb1 Rb8 18. Bb2 Bc8 19. Bc3 Nb7 20. cxb5 axb5 21. Bd3 f5 22. Bxb5 Qc7 23. Bc4 Kh8 24. exf5 Bxf5 25. Rb2 Ra8 26. a4 Na5 27. Bxa5 Rxa5 28. Qe3 Qb7 29. Qc3 Raa8 30. Ne4 Nxd5 31. Nxc5 dxc5 32. Qxe5 Bf6 33. Qxf5 Bxb2 34. Bxd5 Qb4 35. Qb1 Rae8 36. Rxe8 Rxe8 37. g3 Bf6 38. Qf5 Qc3 39. Kg2 Rd8 40. Be4 g6 41. Qe6 Kg7 42. h4 Qa5 43. h5 Qc7 44. h6+ Kxh6 45. Qxf6 Qd6 46. Qxd6 Rxd6 47. Ne5 Kg7 48. Nc4 Rd1 49. a5 Ra1 50. Bb7 Kf6 51. a6 Ke7 52. Nb6 Kd8 53. Na4 Kc7 54. Nxc5 Ra3 55. b4 Kb6 56. Nd7+ Kb5 57. Ne5 g5 58. g4 h6 59. Nf7 Kxb4 60. Nxh6 1-0

[Event "EU-Cup Online Gr-F"]
[Site "Tornelo INT"]
[Date "2021.03.27"]
[Round "2.3"]
[White "Hamdouchi, Hicham"]
[Black "Smirin, Ilia"]
[Result "1/2-1/2"]
[WhiteElo "2561"]
[BlackElo "2614"]
[PlyCount "59"]
[EventDate "2021.03.27"]
[EventType "team-tourn (rapid)"]
[EventRounds "9"]
[EventCountry "NET"]
[SourceTitle "CBM 201 Extra"]
[Source "ChessBase"]
[SourceDate "2021.05.31"]
[SourceVersion "1"]
[SourceVersionDate "2021.05.31"]
[SourceQuality "1"]
[WhiteTeam "Clichy Echecs 92"]
[BlackTeam "Ashdod Ogen"]
[WhiteTeamCountry "FRA"]
[BlackTeamCountry "ISR"]

1. e4 c5 2. Nc3 e6 3. Nf3 a6 4. g3 Nc6 5. Bg2 d6 6. d4 cxd4 7. Nxd4 Bd7 8. 0-0 Nf6 9. Re1 Be7 10. a4 0-0 11. Nxc6 bxc6 12. e5 dxe5 13. Rxe5 Nd5 14. Re2 Qc8 15. Ne4 c5 16. c4 Nb4 17. Nd6 Bxd6 18. Qxd6 Bc6 19. Be3 Bxg2 20. Kxg2 Qb7+ 21. f3 Rac8 22. Rd1 Rc6 23. Qe5 Qc8 24. Red2 Rc7 25. Qd6 f6 26. Qb6 Rc6 27. Qa7 Rc7 28. Qb6 Rc6 29. Qa7 Rc7 30. Qb6 1/2-1/2

[Event "EU-Cup Online Gr-F"]
[Site "Tornelo INT"]
[Date "2021.03.27"]
[Round "4.4"]
[White "Jablonicky, Martin"]
[Black "Hamdouchi, Hicham"]
[Result "1-0"]
[WhiteElo "2298"]
[BlackElo "2561"]
[PlyCount "159"]
[EventDate "2021.03.27"]
[EventType "team-tourn (rapid)"]
[EventRounds "9"]
[EventCountry "NET"]
[SourceTitle "CBM 201 Extra"]
[Source "ChessBase"]
[SourceDate "2021.05.31"]
[SourceVersion "1"]
[SourceVersionDate "2021.05.31"]
[SourceQuality "1"]
[WhiteTeam "Zilina Mladost"]
[BlackTeam "Clichy Echecs 92"]
[WhiteTeamCountry "SVK"]
[BlackTeamCountry "FRA"]

1. e4 c5 2. Nf3 Nc6 3. d4 cxd4 4. Nxd4 Qb6 5. Nb3 Nf6 6. Nc3 e6 7. Bd3 a6 8. 0-0 Be7 9. Kh1 Qc7 10. f4 d6 11. a4 b6 12. f5 exf5 13. Bg5 Nb4 14. Nd4 fxe4 15. Nxe4 Nxd3 16. Qxd3 Nxe4 17. Qxe4 Bb7 18. Qe2 f6 19. Ne6 Qc6 20. Nxg7+ Kd7 21. Rae1 Kc8 22. Qg4+ Kb8 23. Bf4 h5 24. Qg6 Bd8 25. Nf5 Ka7 26. Nxd6 Bc7 27. Nxb7 Rag8 28. Qe4 Qxe4 29. Rxe4 Bxf4 30. Rfxf4 Kxb7 31. Re7+ Kc8 32. Rxf6 Re8 33. Rxe8+ Rxe8 34. h3 Kc7 35. Rf2 Re4 36. b3 h4 37. Kh2 Kd6 38. g3 hxg3+ 39. Kxg3 Re3+ 40. Kg4 Ke5 41. h4 Re1 42. Rh2 Rg1+ 43. Kf3 Rg6 44. h5 Rh6 45. Kg4 Kf6 46. Rf2+ Kg7 47. Kg5 Rc6 48. Rh2 Rc5+ 49. Kf4 Kh6 50. Ke4 a5 51. Kd4 Rg5 52. Kc4 Rf5 53. c3 Rc5+ 54. Kd4 Rg5 55. b4 Rg4+ 56. Kd5 axb4 57. c4 b3 58. Rb2 Rg3 59. Kc6 Rc3 60. Kb5 Kxh5 61. Kb4 Re3 62. Rxb3 Re5 63. Rd3 Kg4 64. Rd6 Re1 65. Rxb6 Ra1 66. Rd6 Kf5 67. c5 Ke5 68. Rd8 Rb1+ 69. Kc4 Ke6 70. c6 Ke7 71. Rd2 Rc1+ 72. Kb5 Rb1+ 73. Kc5 Rc1+ 74. Kb6 Ra1 75. a5 Rb1+ 76. Kc7 Ra1 77. Re2+ Kf7 78. Kb7 Rb1+ 79. Kc8 Ra1 80. c7 1-0

[Event "Boudiba Memorial"]
[Site "chess24.com INT"]
[Date "2020.06.14"]
[Round "15"]
[White "Cohen Revivo, Shoham"]
[Black "Hamdouchi, Hicham"]
[Result "0-1"]
[WhiteElo "2221"]
[BlackElo "2561"]
[PlyCount "104"]
[EventDate "2020.06.14"]
[EventType "tourn (blitz)"]
[EventRounds "15"]
[EventCountry "ALG"]
[EventCategory "5"]
[SourceTitle "CBM 196 Extra"]
[Source "ChessBase"]
[SourceDate "2020.07.31"]
[SourceVersion "1"]
[SourceVersionDate "2020.07.31"]
[SourceQuality "1"]

1. e4 c5 2. Nf3 Nc6 3. Bb5 g6 4. 0-0 Bg7 5. c3 Nf6 6. Re1 0-0 7. h3 d6 8. d4 Qc7 9. d5 Nb8 10. a4 a6 11. Bf1 Nbd7 12. Bf4 Re8 13. Nbd2 b6 14. Nc4 Bb7 15. Bh2 b5 16. axb5 axb5 17. Na3 b4 18. Nb5 Qb6 19. cxb4 cxb4 20. Rxa8 Rxa8 21. Qb3 Qa5 22. Nfd4 Nc5 23. Qf3 b3 24. Nc6 Bxc6 25. dxc6 Qxe1 26. e5 Nfe4 27. c7 Rc8 28. exd6 exd6 29. Bxd6 Qxf1+ 30. Kxf1 Nd2+ 31. Ke2 Nxf3 32. Bxc5 Bxb2 33. gxf3 Be5 34. Kd3 Bxc7 35. Bd4 Ba5 36. Nd6 Rc2 37. Nc4 Bb4 38. f4 h5 39. h4 Rc1 40. Bb2 Rd1+ 41. Ke4 Rh1 42. Nb6 Rxh4 43. Nd5 Bd6 44. Nf6+ Kf8 45. Kd5 Bxf4 46. Ba3+ Kg7 47. Bb2 Kh6 48. Ng8+ Kh7 49. Nf6+ Kh6 50. Ng8+ Kg5 51. Bf6+ Kg4 52. Bxh4 Kxh4 0-1

[Event "Boudiba Memorial"]
[Site "chess24.com INT"]
[Date "2020.06.14"]
[Round "12"]
[White "Hamdouchi, Hicham"]
[Black "Bellahcene, Bilel"]
[Result "0-1"]
[WhiteElo "2561"]
[BlackElo "2501"]
[PlyCount "78"]
[EventDate "2020.06.14"]
[EventType "tourn (blitz)"]
[EventRounds "15"]
[EventCountry "ALG"]
[EventCategory "5"]
[SourceTitle "CBM 196 Extra"]
[Source "ChessBase"]
[SourceDate "2020.07.31"]
[SourceVersion "1"]
[SourceVersionDate "2020.07.31"]
[SourceQuality "1"]

1. e4 c5 2. Nf3 d6 3. Bb5+ Nd7 4. Ba4 Ngf6 5. 0-0 a6 6. c4 e6 7. Re1 Be7 8. d4 cxd4 9. Nxd4 0-0 10. Nc3 Qc7 11. Qe2 Nb6 12. Bb3 Bd7 13. Bg5 Rac8 14. Rac1 Rfe8 15. Kh1 Nxc4 16. f4 b5 17. e5 dxe5 18. fxe5 Qxe5 19. Qxe5 Nxe5 20. Rxe5 Ng4 21. Bxe7 Nxe5 22. Bd6 Nd3 23. Rc2 b4 24. Nd1 e5 25. Ne2 Be6 26. Rxc8 Rxc8 27. Bxe6 fxe6 28. Kg1 Rc2 29. Kf1 a5 30. a3 Rd2 31. Ne3 Rxb2 32. g4 b3 33. Nc3 Rf2+ 34. Kg1 Rf3 35. Ned1 b2 36. a4 e4 37. Kg2 Nf2 38. Nxb2 Rxc3 39. g5 Rc2 0-1

[Event "Boudiba Memorial"]
[Site "chess24.com INT"]
[Date "2020.06.14"]
[Round "7"]
[White "Msellek, Ilyass"]
[Black "Hamdouchi, Hicham"]
[Result "1-0"]
[WhiteElo "2316"]
[BlackElo "2561"]
[PlyCount "131"]
[EventDate "2020.06.14"]
[EventType "tourn (blitz)"]
[EventRounds "15"]
[EventCountry "ALG"]
[EventCategory "5"]
[SourceTitle "CBM 196 Extra"]
[Source "ChessBase"]
[SourceDate "2020.07.31"]
[SourceVersion "1"]
[SourceVersionDate "2020.07.31"]
[SourceQuality "1"]

1. e4 c5 2. Nf3 Nc6 3. Bb5 g6 4. c3 Nf6 5. Qa4 Bg7 6. 0-0 0-0 7. d4 cxd4 8. cxd4 d5 9. e5 Ne4 10. Bxc6 bxc6 11. Qxc6 Bg4 12. Be3 Rc8 13. Qa6 f6 14. h3 Bxf3 15. gxf3 Ng5 16. f4 Nf7 17. Nc3 Kh8 18. Qe6 Rc7 19. Nxd5 Rd7 20. Nc3 Qc8 21. Rac1 Nd8 22. Qg4 Qb7 23. Qg2 Qxb2 24. Ne4 Ne6 25. d5 Rxd5 26. Nxf6 Ra5 27. Nd5 Qxa2 28. Nxe7 Nxf4 29. Qg4 Qe6 30. Bxf4 Qxg4+ 31. hxg4 Rxf4 32. Rc8+ Rf8 33. e6 Re5 34. Rxf8+ Bxf8 35. Nc6 Rxe6 36. Nxa7 Bc5 37. Nb5 Re4 38. Rc1 Rxg4+ 39. Kf1 Rf4 40. Rxc5 Kg7 41. Nc7 Rf7 42. Nd5 h5 43. Rc7 g5 44. Kg2 Kg6 45. Rxf7 Kxf7 46. Kg3 Ke6 47. Ne3 Ke5 48. Kf3 Kd4 49. Nf5+ Ke5 50. Ng7 h4 51. Nh5 Kf5 52. Ng7+ Kg6 53. Ne8 Kf5 54. Nd6+ Ke5 55. Nc4+ Kf5 56. Ne3+ Ke5 57. Kg4 Ke4 58. Nd1 Kd3 59. Kf3 Kd4 60. Ne3 Ke5 61. Nf1 Kf5 62. Nh2 Kf6 63. Kg4 Kg6 64. Nf3 h3 65. Kxh3 Kf5 66. Kg3 1-0

[Event "Europe Echecs online op April"]
[Site "Europe Echecs INT"]
[Date "2020.04.11"]
[Round "2"]
[White "Hamdouchi, Hicham"]
[Black "Van Hoolandt, Patrick"]
[Result "0-1"]
[WhiteElo "2562"]
[BlackElo "2076"]
[PlyCount "66"]
[EventDate "2020.04.11"]
[EventType "swiss (blitz)"]
[EventRounds "11"]
[EventCountry "FRA"]
[SourceTitle "EXT 2021"]
[Source "ChessBase"]
[SourceDate "2020.10.23"]
[SourceVersion "1"]
[SourceVersionDate "2020.10.23"]
[SourceQuality "1"]

1. e4 e5 2. Nf3 Nc6 3. Bc4 Bc5 4. c3 Nf6 5. d3 a6 6. Bb3 Ba7 7. Nbd2 d6 8. h3 h6 9. Nf1 d5 10. exd5 Nxd5 11. Ng3 Be6 12. 0-0 0-0 13. Re1 Qf6 14. Ne4 Qd8 15. d4 exd4 16. cxd4 Re8 17. a3 Rc8 18. Nc5 Bxc5 19. dxc5 Nf6 20. Bxe6 Rxe6 21. Qxd8+ Rxd8 22. Rxe6 fxe6 23. Bf4 Nd5 24. Bg3 Rd7 25. Re1 Kf7 26. h4 g6 27. Be5 Nde7 28. g4 Rd3 29. Kg2 Nd5 30. h5 gxh5 31. gxh5 a5 32. Bg3 Rb3 33. Re2 Rxf3 0-1

[Event "Africa-ch Blitz"]
[Site "Casablanca"]
[Date "2019.08.28"]
[Round "5.1"]
[White "Hamdouchi, Hicham"]
[Black "Amin, Bassem"]
[Result "0-1"]
[WhiteElo "2514"]
[BlackElo "2658"]
[PlyCount "97"]
[EventDate "2019.08.28"]
[EventType "swiss (blitz)"]
[EventRounds "9"]
[EventCountry "MAR"]
[SourceTitle "EXT 2024"]
[Source "ChessBase"]
[SourceDate "2023.10.10"]
[SourceVersion "1"]
[SourceVersionDate "2023.10.10"]
[SourceQuality "1"]

1. e4 e5 2. Nf3 Nc6 3. Bb5 a6 4. Ba4 Nf6 5. 0-0 Be7 6. Bxc6 dxc6 7. d3 Nd7 8. b3 0-0 9. Bb2 f6 10. Nbd2 c5 11. Nh4 Rf7 12. Nf5 Bf8 13. f4 exf4 14. Rxf4 g6 15. Ng3 Bd6 16. Rf2 Ne5 17. Nc4 Nxc4 18. dxc4 Be6 19. Qd3 Qe7 20. Raf1 Raf8 21. Ne2 Be5 22. Bxe5 fxe5 23. Rxf7 Rxf7 24. Rxf7 Kxf7 25. h3 Qg5 26. Nc3 c6 27. a4 a5 28. Kh2 Qf4+ 29. Kg1 Ke7 30. Ne2 Qg5 31. Kh2 b6 32. Ng1 Qf4+ 33. Kh1 g5 34. Ne2 Qf2 35. Qd2 h6 36. Qd3 Qf1+ 37. Kh2 Qf2 38. Ng3 Qf4 39. Kh1 g4 40. hxg4 Bxg4 41. Kg1 h5 42. Nf1 h4 43. Qe3 Bd1 44. Qd3 Bh5 45. Qe3 Bg6 46. Qxf4 exf4 47. Nd2 Kf6 48. Kf2 Ke5 49. Kf3 0-1